000 00550nam a22002417a 4500
003 UA-OsUOA
001 32726
007 ta
008 20050210b un ||||| |||| 00| 0 ukr d
100 _aБобров Л.
090 _a001(47+57)
_bБ72
942 _cBK
040 _aUA-OsUOA
_brus
_cUA-OsUOA
_dUA-OsUOA
245 _aВ поисках чуда
300 _a332 с.
955 _a0
041 _arus
080 _a001(47+57)
260 _aМ.
_bМолодая гвардия
_c1968
044 _aRU
650 7 _2UDC
999 _c319177
_d319177